<?xml version="1.0" encoding="UTF-8"?>
<record
    xmlns:xsi="http://www.w3.org/2001/XMLSchema-instance"
    xsi:schemaLocation="http://www.loc.gov/MARC21/slim http://www.loc.gov/standards/marcxml/schema/MARC21slim.xsd"
    xmlns="http://www.loc.gov/MARC21/slim">

  <leader>02339cam a22003135a 4500</leader>
  <controlfield tag="001">11480552</controlfield>
  <controlfield tag="005">20160830155753.0</controlfield>
  <controlfield tag="006">m        d        </controlfield>
  <controlfield tag="007">cr  n         </controlfield>
  <controlfield tag="008">150318s2015    sz a   frb   |||1 0|eng d</controlfield>
  <datafield tag="020" ind1=" " ind2=" ">
    <subfield code="a">9783319135748 </subfield>
  </datafield>
  <datafield tag="020" ind1=" " ind2=" ">
    <subfield code="a">3319135740</subfield>
  </datafield>
  <datafield tag="040" ind1=" " ind2=" ">
    <subfield code="b">eng</subfield>
    <subfield code="d">EG-ScBUE </subfield>
  </datafield>
  <datafield tag="082" ind1="0" ind2="4">
    <subfield code="2">22</subfield>
    <subfield code="a">617.6342</subfield>
    <subfield code="b">NAN</subfield>
  </datafield>
  <datafield tag="245" ind1="0" ind2="0">
    <subfield code="a">Nanotechnology in Endodontics :</subfield>
    <subfield code="b">current and potential clinical applications /</subfield>
    <subfield code="c">edited by Anil Kishen.</subfield>
  </datafield>
  <datafield tag="260" ind1=" " ind2=" ">
    <subfield code="a">Cham, Switzerland :</subfield>
    <subfield code="b">Springer International Publishing,</subfield>
    <subfield code="c">c.2015.</subfield>
  </datafield>
  <datafield tag="300" ind1=" " ind2=" ">
    <subfield code="a">xii, 199 :</subfield>
    <subfield code="b">ill. ;</subfield>
    <subfield code="c">24 cm.</subfield>
  </datafield>
  <datafield tag="505" ind1="0" ind2=" ">
    <subfield code="a">1: Introduction -- 2: Advanced Nanomaterials: Promises for Improved Dental Tissue Regeneration -- 3: Characterization of Nanomaterials/Nanoparticles -- 4: Nanomaterial Properties: Implications for Safe Medical Applications of Nanotechnology --  5: Nanomedicine: Size-Related Drug Delivery Applications, Including Periodontics and Endodontics -- 6: Nanoparticles for Endodontic Disinfection -- 7: Nanoparticles for Dentin Tussue Stabilization -- 8: Nanoparticles in Restorative Materials  -- 9: Remineralizing Nanomaterials for Minimally Invasive Dentistry.</subfield>
  </datafield>
  <datafield tag="520" ind1=" " ind2=" ">
    <subfield code="a">This book provides detailed information on the emerging applications of nanomaterials and nanoparticles within endodontics, highlighting the exciting potential clinical impact of nanotechnology in the field. The range of applications covered is diverse, encompassing drug and gene delivery, tissue engineering, antibacterial strategies, dentin tissue stabilization, dentin pulp regeneration and use in restorative and endodontic materials. Important scientific background information relating to each application is provided, with clear coverage of basic principles.</subfield>
  </datafield>
  <datafield tag="650" ind1=" " ind2="7">
    <subfield code="2">BUEsh</subfield>
    <subfield code="a">Endodontics.</subfield>
    <subfield code="9">32092</subfield>
  </datafield>
  <datafield tag="650" ind1=" " ind2="7">
    <subfield code="2">BUEsh</subfield>
    <subfield code="a">Nanomedicine.</subfield>
    <subfield code="9">4192</subfield>
  </datafield>
  <datafield tag="650" ind1=" " ind2="7">
    <subfield code="a">Dental materials.</subfield>
    <subfield code="2">BUEsh</subfield>
    <subfield code="9">30155</subfield>
  </datafield>
  <datafield tag="651" ind1=" " ind2=" ">
    <subfield code="2">BUEsh</subfield>
  </datafield>
  <datafield tag="653" ind1=" " ind2=" ">
    <subfield code="b">DDent</subfield>
    <subfield code="c">August 2016	</subfield>
  </datafield>
  <datafield tag="700" ind1="1" ind2=" ">
    <subfield code="9">40976</subfield>
    <subfield code="a">Kishen, Anil&#x200F;</subfield>
    <subfield code="e">editor.</subfield>
  </datafield>
  <datafield tag="856" ind1=" " ind2=" ">
    <subfield code="a">Springer Link ebooks </subfield>
    <subfield code="u">http://link.springer.com/book/10.1007/978-3-319-13575-5</subfield>
    <subfield code="q">E-book</subfield>
    <subfield code="y">Full text available - on campus access</subfield>
  </datafield>
  <datafield tag="856" ind1=" " ind2=" ">
    <subfield code="a">Springer Link ebooks </subfield>
    <subfield code="u">http://41.33.243.106:2048/login?url=http://link.springer.com/book/10.1007/978-3-319-13575-5</subfield>
    <subfield code="q">E-book</subfield>
    <subfield code="y">Full text available - off campus access</subfield>
  </datafield>
  <datafield tag="942" ind1=" " ind2=" ">
    <subfield code="2">ddc</subfield>
    <subfield code="e">22</subfield>
    <subfield code="k">617.6342 NAN</subfield>
  </datafield>
  <datafield tag="999" ind1=" " ind2=" ">
    <subfield code="c">22282</subfield>
    <subfield code="d">22254</subfield>
  </datafield>
  <datafield tag="952" ind1=" " ind2=" ">
    <subfield code="0">0</subfield>
    <subfield code="1">0</subfield>
    <subfield code="2">ddc</subfield>
    <subfield code="4">0</subfield>
    <subfield code="7">0</subfield>
    <subfield code="8">Academic</subfield>
    <subfield code="a">MAIN</subfield>
    <subfield code="b">MAIN</subfield>
    <subfield code="c">1ST</subfield>
    <subfield code="d">2016-08-30</subfield>
    <subfield code="e">Purchase</subfield>
    <subfield code="g">1320.00</subfield>
    <subfield code="h">9126</subfield>
    <subfield code="l">4</subfield>
    <subfield code="m">18</subfield>
    <subfield code="o">617.6342 NAN</subfield>
    <subfield code="p">000033185</subfield>
    <subfield code="r">2025-07-15 00:00:00</subfield>
    <subfield code="s">2019-12-16</subfield>
    <subfield code="v">1650.00</subfield>
    <subfield code="y">BB</subfield>
  </datafield>
</record>
